01094nam a2200193Ia 4500001001100000003001000011008004100021040002500062041001300087100002100100245003300121250001100154260005000165300001200215500025900227501011400486520025900600650004100859L807-29939IT-CnALBA170116s9999||||xx |||||||||||||| ||und|| aIT-CnALBAcIT-CnALBA aITALIANO aMAZZINI GIUSEPPE 0aSCRITTI LETTERARI. VOL. II.  a1a ed. aMILANObEDITORIALE ITALIANO - ISTITUTO cn.d. a332 p.  aSTORIA LETTERARIA. FILOSOFIA DELLA MUSICA. FATALITA', ELEMENTO DRAMMATICO. VICTOR HUGO. WERNER. PAOLO SARPI. MOTO LETTERARIO INITALIA. LUIGI ANGELONI. ADOLFO BOYER. TOMMASO CARLYLE: STORIA DELLA RIVOLUZIONE FRANCESE. LE OPERE MINORI DI DANTE. LAMENNAIS.  aSocietà San Paolo EM - Piazza San Paolo, 14 - 12051 ALBA (CN) (non commercial uses only) ® Copyright 2017 aSTORIA LETTERARIA. FILOSOFIA DELLA MUSICA. FATALITA', ELEMENTO DRAMMATICO. VICTOR HUGO. WERNER. PAOLO SARPI. MOTO LETTERARIO INITALIA. LUIGI ANGELONI. ADOLFO BOYER. TOMMASO CARLYLE: STORIA DELLA RIVOLUZIONE FRANCESE. LE OPERE MINORI DI DANTE. LAMENNAIS.  aSTUDIO E INSEGNAM. DELLA LETTERATURA